| 000 | 00945njm a22002417a 4500 | ||
|---|---|---|---|
| 005 | 20100903151856.0 | ||
| 007 | sd ammalaaahaa | ||
| 008 | 100901t xxu||||| |||| 00| 0 hin d | ||
| 028 |
_aN.87532 _bHis Master's Voice |
||
| 028 |
_aOJE.6040 _bHis Master's Voice |
||
| 035 | _aGR-413 | ||
| 040 | _aSED/VEN | ||
| 100 |
_917815 _aParitosh Seal |
||
| 245 |
_aViolin-aheer bhairo / _cby Paritosh Seal _h[sound recording] : _bUrdu |
||
| 246 | _aविओलिन -अहीर भैरो ( परितोष साल ) पार्ट १ | ||
| 260 |
_aDum Dum, India _bHis Master's Voice |
||
| 300 |
_a1 sound disc : _banalog, 33 1/3 rpm _c10 in. |
||
| 500 | G | _aBrief record | |
| 505 | _aViolin sur malhaar (विओलिन सुर मल्हार ) पार्ट २ | ||
| 650 |
_aClassical music _xExcerpts _zIndia _917813 |
||
| 942 |
_2ddc _cGR |
||
| 999 |
_c43624 _d43624 |
||